Planning urban education; new ideas and techniques to transform learning in the city.

Saved in:
Bibliographic Details
Other Authors: Roberts, Dennis L. (ed.)
Format: Book
Language:English
Published: Englewood Cliffs, N.J., Educational Technology Publications [1972]
Subjects:
LEADER 00989nam a2200253 4500
001 c000038973
003 CARM
005 00000000000000.0
008 720403s1972 nju b 00000 eng
019 1 |a 546913  |5 LACONCORD2021 
020 |a 0877780242 
035 |a (OCoLC)286742  |5 LACONCORD2021 
043 |a n-us--- 
050 0 0 |a LC5101  |b .P55 
245 0 0 |a Planning urban education;  |b new ideas and techniques to transform learning in the city.  |c Dennis L. Roberts, II, editor. 
260 |a Englewood Cliffs, N.J.,  |b Educational Technology Publications  |c [1972] 
300 |a xviii, 359 p.  |c 24 cm. 
504 |a Includes bibliographies. 
650 0 |a Education, Urban  |z United States. 
700 1 |a Roberts, Dennis L.,  |e ed. 
852 8 |b CARM  |h A2:AI22F0  |i C04437  |p 0182047  |f BK 
082 0 4 |a 370.19/348/0973 
999 f f |i a43ffb99-3ea8-56aa-8d85-56abf39ef389  |s 812b09d2-b2a5-5a75-a2f7-08e8acda9675 
952 f f |p Can circulate  |a CAVAL  |b CAVAL  |c CAVAL  |d CARM 1 Store  |e C04437  |f A2:AI22F0  |h Other scheme  |i book  |m 0182047